| 000 | 01193nam0a2200313 4500 | ||
|---|---|---|---|
| 001 | RU\NLR\ONL2\1084 | ||
| 005 | 20260406072504.0 | ||
| 010 |
_a5-298-01093-8 _92000 |
||
| 035 | _a(NLR Aleph) 009648690 | ||
| 090 |
_a9569476 _c9569476 |
||
| 100 | _a20030305d2002 |||y0rusy50 ca | ||
| 101 | 0 | _atat | |
| 102 | _aRU | ||
| 105 | _ay ||||||||| | ||
| 200 | 1 |
_aШагыйрь сэхнэсе _eДрамалар, комедиялэр _fИлдар Юзеев |
|
| 210 |
_aКазан _cТатар. кит. нэшр. _d2002 |
||
| 215 |
_a188,[3]б. _d21 |
||
| 300 | _aВ вып. дан. авт.:Илдар Юзеев(Илдар Гафурович Юзеев) | ||
| 541 | 1 |
_6z01790 _aТеатр поэта _eПьесы _zrus |
|
| 686 | 1 | _aШ6(2=Тат)7-6 | |
| 700 | 1 |
_4070 _8tat _7ca _aЮзеев _bИ. Г. улы _f1933-2004 _gИлдар Гафур улы _3RU\NLR\auth-onl\77203 _9130263 |
|
| 790 | 1 |
_4070 _7ca _8rus _aЮзеев _bИ. Г. _f1933-2004 _gИльдар Гафурович _3RU\NLR\auth-onl\77204 _9130264 |
|
| 801 | 0 |
_aRU _bNLR _c20030305 _gPSBO |
|
| 852 |
_aNLR _bОНЛ _jТатар./3-12704 |
||
| 942 | _cBOOK | ||
| 980 | _aNB | ||
| 980 | _aONL_RF | ||